Botonical Poems/ (Record no. 195570)

MARC details
000 -LEADER
fixed length control field 00584nam a22001817a 4500
005 - DATE AND TIME OF LATEST TRANSACTION
control field 20230405120725.0
010 ## - LCCN (DPL NO)
LC control number ENG-136607
020 ## - INTERNATIONAL STANDARD BOOK NUMBER
International Standard Book Number 9789352546152
Terms of availability 200.00
035 ## - SYSTEM CONTROL NUMBER
System control number EN-120132
037 ## - SOURCE OF ACQUISITION
Source of stock number/acquisition DBAD/PUB
082 ## - DEWEY DECIMAL CLASSIFICATION NUMBER
Classification number 821
100 ## - MAIN ENTRY--PERSONAL NAME
Personal name Selvam,A.B.D
245 ## - TITLE STATEMENT
Title Botonical Poems/
Statement of responsibility, etc By A.B.D Selvam
260 ## - PUBLICATION, DISTRIBUTION, ETC. (IMPRINT)
Place of publication, distribution, etc West Bengal
Name of publisher, distributor, etc Dr.A.B.D Selvam
Date of publication, distribution, etc 2015
270 ## - ADDRESS
Address 12, Madhu sudan Das Lane, PO .Botonic Garden, Howrah
City West Bengal
Postal code 711103
Telephone number 9830569377
-- 9433131829
Electronic mail address abd_selvam@yahoo.co.in
300 ## - PHYSICAL DESCRIPTION
Extent 61p.;
Dimensions 25cm(pbk)
Other physical details ill.
942 ## - ADDED ENTRY ELEMENTS (KOHA)
Source of classification or shelving scheme Dewey Decimal Classification
Item type English Books
Classification part 881
Call number suffix SEL
Holdings
Withdrawn status Lost status Not for loan Home library Current library Date acquired Source of acquisition Cost, normal purchase price Full call number Barcode Copy number Cost, replacement price Koha item type
      Patel Nagar Patel Nagar 05/04/2023 DBAD/PUB 200.00 881 SEL EN-120139 1 200.00 English Books

© Delhi Public Library
Hit Counter
free hit counter